Mythical Greek Weapons/Items - Statistics

General Stats
  • This quiz has been taken 229 times
  • The average score is 5 of 13
Answer Stats
Questions Answer % Correct
Used by the god of the sea poseidon's trident
86%
The Argonauts searched for this golden fleece
69%
Primary weapon of Zeus lightning bolt
65%
Hermes famous footwear winged sandals
50%
Name of the shield used by Zeus & Athena aegis
44%
Staff used by the god Hermes caduceus
34%
Hercules wore this nemean lions pelt
32%
Item given to Hades by the Cyclops Helm of darkness
30%
Very detailed Item given to Achilles, made by the god Hephaestus shield
30%
Used by cronus to castrate his father sickle
19%
Used by Hecate to slay a the giant Clytius torch
14%
Staff used by Dionysus thrysus
9%
Item associated with the healing god. rod of asclepius
7%
No matching quizzes found
Score Distribution
Percent of People with Each Score
Percentile by Number Answered
Your Score History
You have not taken this quiz